|
|
|
|
| LEADER |
02832njm a2200697 a 4500 |
| 001 |
000265899 |
| 003 |
CZ BrMZK |
| 005 |
20190418095812.0 |
| 008 |
010907s1991 xr f cze d |
| 028 |
0 |
3 |
|a 11 1329-4 311
|b Supraphon
|
| 040 |
|
|
|a BOA001
|b cze
|
| 080 |
|
|
|a 788.085.2(086.7)
|2 MRF
|
| 245 |
0 |
0 |
|a Praha je krásná
|h [zvukový záznam] :
|b písničky o Praze
|
| 246 |
3 |
3 |
|a Bezovka
|
| 246 |
3 |
3 |
|a Je jenom jedna Praha
|
| 246 |
3 |
3 |
|a Praha - srdce Evropy
|
| 246 |
3 |
3 |
|a Praha je krásná
|
| 246 |
3 |
3 |
|a Praha, město snů
|
| 246 |
3 |
3 |
|a Starobřevnovská
|
| 246 |
3 |
3 |
|a Strahováček
|
| 246 |
3 |
3 |
|a Tu Prahu svou
|
| 246 |
3 |
3 |
|a U labutě
|
| 246 |
3 |
3 |
|a Večer nad Prahou
|
| 246 |
3 |
3 |
|a Zvonky v Loretě
|
| 246 |
3 |
3 |
|a Ať písně nad Prahou zní
|
| 260 |
|
|
|a Praha :
|b Supraphon,
|c p1991
|
| 300 |
|
|
|a 1 MC :
|b stereo, Dolby systém +
|e 1 složený list.
|
| 306 |
|
|
|a 003448
|
| 500 |
|
|
|a Durata 34:48
|
| 500 |
|
|
|a Nahr. 1990
|
| 505 |
2 |
|
|a Ať písně nad Prahou zní, Bezovka, Je jenom jedna Praha ... [et al.]
|
| 511 |
0 |
|
|a Alena Rychetská, zpěv; Blanka Tůmová, zpěv; Josef Oplt, zpěv ... [et al.]. Sláva Kunst se svým orchestrem; Bajo trio 81
|
| 653 |
0 |
|
|a dechový orchestr
|a písně s dechovým orchestrem
|
| 700 |
1 |
|
|a Poncar, Josef,
|d 1902-1986
|7 jn20000620287
|4 cmp
|
| 700 |
1 |
|
|a Rychetská, Alena,
|d 1954-
|7 jx20060203013
|4 prf
|
| 700 |
1 |
|
|a Stelibský, Josef,
|d 1909-1962
|7 jn19990009996
|4 cmp
|
| 700 |
1 |
|
|a Tobis,
|d 1903-1949
|7 jk01092124
|4 lyr
|
| 700 |
1 |
|
|a Tůmová, Blanka,
|d 1951-
|7 jx20050629048
|4 prf
|
| 700 |
1 |
|
|a Vacuška, Miroslav,
|d 1928-1991
|7 mzk2011634541
|4 cmp
|
| 700 |
1 |
|
|a Zeman, Vašek,
|d 1909-1987
|7 jx20040920001
|4 lyr
|
| 700 |
1 |
|
|a Zíma, Josef,
|d 1932-2025
|7 jn19990210845
|4 prf
|
| 700 |
1 |
|
|a Šilhan, Václav,
|c skladatel
|
| 700 |
1 |
|
|a Špilar, Václav,
|d 1902-1968
|7 jz6702197
|4 lyr
|
| 700 |
1 |
|
|a Čebiš, Josef
|7 mzk2011661208
|4 cmp
|
| 700 |
1 |
|
|a Kunst, Sláva,
|d 1928-1991
|7 jn99240000570
|4 cmp
|4 cnd
|
| 700 |
1 |
|
|a Beneš, Jára,
|d 1897-1949
|7 jn19990209042
|4 cmp
|
| 700 |
1 |
|
|a Drozd, Helmut,
|d 1944-
|7 jn19990010055
|4 lyr
|
| 700 |
1 |
|
|a Filip, Robert
|7 mzk2011642716
|4 lyr
|
| 700 |
1 |
|
|a Hašler, Karel,
|d 1879-1941
|7 jk01040136
|4 cmp
|
| 700 |
1 |
|
|a Jankovec, Jaroslav,
|d 1896-1961
|7 jn20000401191
|4 cmp
|
| 700 |
1 |
|
|a Liška, Zoltán
|7 jx20040721034
|4 cnd
|
| 700 |
1 |
|
|a Melíšek, Karel,
|d 1903-1942
|7 jk01081151
|4 lyr
|
| 700 |
1 |
|
|a Mottl, Jaroslav,
|d 1900-1986
|7 jk01082158
|4 lyr
|
| 700 |
1 |
|
|a Mírovský, Václav,
|d 1902-1953
|7 jk01081787
|4 lyr
|
| 700 |
1 |
|
|a Oplt, Josef,
|d 1947-
|7 ola2004253822
|4 prf
|
| 710 |
2 |
|
|a Bajo-trio 81
|7 ko2004214282
|
| 710 |
2 |
|
|a Orchestr Slávy Kunsta
|7 mzk2008451395
|4 prf
|
| 910 |
|
|
|a BOA001
|b KZ-0001.022
|
| 964 |
|
|
|a Orchestr dechový
|x MC
|
| 990 |
|
|
|a AV
|
| 996 |
6 |
|
|b 261H001047
|c KZ-0001.022
|l MZK
|r Sklad / do 24 hodin
|n 0
|w 000265899
|u 000010
|a 1
|e BOA001
|j MZK50
|s P
|